Parole italiane che derivano da turco e persiano - Statistics

Statistiche generali
  • Questo quiz è stato fatto 62 volte
  • Il punteggio medio è 7 su 10
Statistiche sulle risposte
Indizio Parola Lingua % Corretto
Agrume molto diffuso, utilizzato in particolare per spremute e dolci. Dal frutto prende il nome un colore. Arancia Persiano
98%
Sinonimo di "pantofola", calzatura morbida destinata al solo uso domestico. Ciabatta Entrambe
92%
Prodotto caseario acido, si può consumare bianco o con diversi aromi. Particolare e famoso è quello greco. Yogurt Turco
90%
Piatto di carne di agnello speziata, cotta su uno spiedo, che si consuma assieme a verdure e salse dentro un tipico pane Kebab Turco
82%
Pregiato alimento composto di uova di storione salate, generalmente consumate come antipasto su dei crostini di pane. Caviale Turco
76%
Copricapo tipicamente orientale formato da una lunga fascia di tessuto che si avvolge attorno ai capelli. Turbante Entrambe
69%
Genere di canide, diffuso soprattutto in aree aride o desertiche; si dice anche di un ladro che approfitta di un disastro naturale, come un terremoto, per sottrarre beni dalle abitazioni interessate. Sciacallo Entrambe
65%
Costruzione a torre che affianca le moschee, dalla quale il sacerdote invita i fedeli musulmani alla preghiera. Minareto Entrambe
63%
Piccolo agrume di colore verde chiaro; viene utilizzato soprattutto in profumeria e in cosmesi. Bergamotto Turco
37%
Soldati speciali dell'esercito ottomano, deputati anche alla guardia del sultano. Giannizzero Turco
16%
Nessun quiz corrispondente trovato
Distribuzione punteggi
Percentuale di utenti per punteggio
Percentile per numero di risposta
I tuoi punteggi nel tempo
Non hai fatto questo quiz